| 000 | 00639nam a2200193 a 4500 | ||
|---|---|---|---|
| 005 | 20140310183248.0 | ||
| 008 | 040910s19uu xx 00 eng d | ||
| 020 | _a000-0000-00-0 | ||
| 050 |
_aRS 164 _b.D48 2000 |
||
| 100 | _aDe Tavera, T.H. Pardo | ||
| 245 |
_aPlantas medicinales de Filipinas = Medicinal plants of the Philippines / _cT.H. Pardo De Tavera. |
||
| 260 |
_aMakati City : _bAyala Foundation, Inc, _cc2000. |
||
| 300 |
_a445 p. : _c24 cm. |
||
| 650 |
_aMedicinal plants _xPhilippines. |
||
| 650 |
_aMateria medica, Vegetable _xPhilippines. |
||
| 650 |
_aBotany _xPhilippines. |
||
| 942 |
_cBK _2lcc _kLOC |
||
| 999 |
_c20725 _d20725 |
||